BIBLIOTECA PODER JUDICIAL
Portal Judicial TDF

Control judicial de las decisiones administrativas algorítmicas : (Registro nro. 6154)

000 -LEADER
fixed length control field 01062nabaa22002177a 4500
003 - CONTROL NUMBER IDENTIFIER
control field OSt
005 - DATE AND TIME OF LATEST TRANSACTION
control field 20260123194734.0
008 - FIXED-LENGTH DATA ELEMENTS--GENERAL INFORMATION
fixed length control field 190701b xxu||||| |||| 00| 0 spa d
040 ## - CATALOGING SOURCE
Transcribing agency PJ
100 ## - MAIN ENTRY--PERSONAL NAME
9 (RLIN) 6904
Personal name Lacava, Federico J.
245 10 - TITLE STATEMENT
Title Control judicial de las decisiones administrativas algorítmicas :
Remainder of title interrogantes y desafíos /
Statement of responsibility, etc Federico J. Lacava.
300 ## - PHYSICAL DESCRIPTION
Extent p. 78-89
500 ## - GENERAL NOTE
General note Cita: TR LALEY AR/DOC/3181/2023
505 ## - FORMATTED CONTENTS NOTE
Formatted contents note Sumario: I. Introducción.— II. Nociones conceptuales.— III. Desafíos del control judicial de la actividad algorítmica.— IV. Impacto sobre la efectividad del control judicial.— V. Algunas reflexiones a modo de cierre.
505 ## - FORMATTED CONTENTS NOTE
Title ¿Te interesa el texto completo? Comunicate al correo: koha@justierradelfuego.gov.ar
650 #0 - SUBJECT ADDED ENTRY--TOPICAL TERM
9 (RLIN) 211
Topical term or geographic name as entry element DERECHO ADMINISTRATIVO
650 #0 - SUBJECT ADDED ENTRY--TOPICAL TERM
9 (RLIN) 6081
Topical term or geographic name as entry element CIENCIA Y TECNOLOGÍA
650 #0 - SUBJECT ADDED ENTRY--TOPICAL TERM
9 (RLIN) 5496
Topical term or geographic name as entry element DECISIONES ADMINISTRATIVAS
773 0# - HOST ITEM ENTRY
Host Biblionumber 2842
Host Itemnumber 3251
Place, publisher, and date of publication Buenos Aires : AbeledoPerrot, 2012-
Other item identifier DA121
Title Derecho administrativo. Nº 151 enero/febrero 2024
International Standard Book Number 18510590
942 ## - ADDED ENTRY ELEMENTS (KOHA)
Source of classification or shelving scheme
Koha item type Analítica Artículo de Revista

No hay ítems disponibles.

12 de Octubre 789 Ushuaia - Tel:  54(02901)441571
Horario de Atención: 8.00 a 17.00 hs. 
bibliotecaush@justierradelfuego.gov.ar
koha@justierradelfuego.gov.ar
Seguinos en nuestras redes @bibliojustdf 

Con tecnología Koha